| 000 | 00382nam a2200145Ia 4500 | ||
|---|---|---|---|
| 008 | 200103s9999||||xx |||||||||||||| ||und|| | ||
| 040 | _aIMU-MPC | ||
| 082 | _aColumn-1 | ||
| 100 | _aMalvino | ||
| 245 | 0 | _aDigital Computer Electronics: an introduction to microcomputers | |
| 250 | _a2nd ed. | ||
| 260 |
_bTata McGraw-Hill publishing Cop. Ltd. _c1988 |
||
| 300 | _a337 | ||
| 942 | _cBK | ||
| 999 |
_c2582 _d2582 |
||